000 00579nam a2200217 a 4500
001 nice12345678
003 IN_TiNIC
005 20260116013914.0
008 050524s1995 newa grp 000 0 eng
020 _a8170366
_c145
082 0 0 _a150
_bDAV
100 _aDavar, Bhargavi
245 _aPsychoanalysis as a Human Science Beyond Foundationalism
260 _aNew Delhi
_bSage Publications
_c1995
300 _a210p
500 _aincludes index and biblioraphy
505 2 _aAppendix, Bibliography, Index
902 _bSRS
942 _cBK
999 _c13046
_d13046